Pressburger Zeitung - Nutz und Lust

Bibliographic Details
Main Author: Serafínová, Danuša (Author)
Format: Book
Language:German
PhysicalDescription:158 s. ilustr. 24 cm
Published: Bratislava Slovenské národné múzeum - Múzeum kultúry karpatských Nemcov 1999
ISBN:8080600384
Series:Acta Carpatho-germanica
Subjects:

MARC

LEADER 00000nam a2200000 a 4500
001 vtls001407537
003 SK-MaSNL
005 20260301202119.0
008 251029s1999 xo a r y ger
015 |a SNBA2001/05-01812 
020 |a 8080600384 
035 |a SNK000362193 
035 |a urn:nbn:sk:snk-amkmeu 
035 |a urn:nbn:sk:snk-am003s9u 
035 |a 22E0EAD5-4FFD-45B4-87B2-2A832C9F23A5 
040 |a SNK  |b slo  |c SNK  |e AACR2 
041 0 |a ger 
044 |a xo  |c SK 
080 |a 07(437.6-25)"1764/1929"=30  |2 1981 
100 1 |a Serafínová, Danuša  |4 aut  |9 6800 
245 1 0 |a Pressburger Zeitung - Nutz und Lust  |c Danuša Serafínová 
260 |a Bratislava  |b Slovenské národné múzeum - Múzeum kultúry karpatských Nemcov  |c 1999 
300 |a 158 s.  |b ilustr.  |c 24 cm 
490 1 |a Acta Carpatho-germanica  |v 5 
630 0 7 |a Pressburger Zeitung (noviny)  |x dejiny  |z Bratislava (Slovensko)  |y 1764-1929  |2 SNK  |9 583649 
655 7 |a príručky  |2 SNK  |9 74364 
830 0 |a Acta Carpatho-germanica  |9 292398 
919 |a 80-8060-038-4 
958 |a TL 
958 |a NB 
999 |c 897608  |d 899538 
952 |t P60, <03>, [BOOK], {603}  |a SNK  |b SNK  |y PREZ  |7 0  |p 17A0291341  |o snkSC 104059  |i snkKSP 2697/2001  |0 0  |1 0  |4 0  |d 2001-02-20  |f 1  |l 0  |r 2025-09-25 00:00:00  |w 2026-02-24 
952 |t P60, <04>, [BOOK], {604}  |a SNK  |b SNK  |y VYP  |7 0  |p 17A0291342  |o snkSC 104059 D1  |i snkKSP 2698/2001  |0 0  |1 0  |4 0  |d 2001-02-20  |l 0  |r 2005-01-02 00:00:00  |w 2026-02-24